[Event "HUN-ch"]
[Site "HUN"]
[Date "1973.??.??"]
[Round "?"]
[White "Gasztonyi, Endre"]
[Black "Ribli, Zoltan"]
[Result "1-0"]
[WhiteElo "2200"]
[BlackElo "2525"]
[PlyCount "123"]
[EventDate "1973.??.??"]
[Source "ChessBase"]

1. d4 g6 2. c4 Bg7 3. Nc3 c5 4. d5 d6 5. e4 Nf6 6. f4 O-O 7. Nf3 e6 8. Be2 exd5 9. exd5 Nh5 10. O-O Bxc3 11. bxc3 Ng7 12. Bd3 f5 13. Bd2 Nd7 14. Be1 Nf6 15. Bh4 Bd7 16. Rb1 Qc7 17. Re1 h6 18. Rb2 Nfh5 19. g3 Rae8 20. Be7 Rf7 21. Rbe2 Nf6 22. Bxf6 Rxf6 23. Nh4 g5 24. fxg5 hxg5 25. Rxe8+ Bxe8 26. Nxf5 Qd8 27. Qg4 Nxf5 28. Bxf5 Rf8 29. Qh3 Qc7 30. Qh6 Qg7 31. Be6+ Bf7 32. Bxf7+ Qxf7 33. Qxg5+ Kh8 34. Qh4+ Kg8 35. Qg4+ Kh8 36. Qh3+ Kg7 37. Rf1 Qe7 38. Qg4+ Kh7 39. Rxf8 Qxf8 40. h4 Qe8 41. Qe6 Qh5 42. Kg2 Qd1 43. Qf5+ Kh8 44. h5 Qd2+ 45. Kh3 Qxc3 46. Qc8+ Kg7 47. Qxb7+ Kf6 48. h6 Qxc4 49. Qg7+ Kf5 50. Qf7+ Kg5 51. Qg7+ Kf5 52. g4+ Ke4 53. Qe7+ Kf3 54. Qf6+ Ke2 55. Qxd6 Qd3+ 56. Kh4 c4 57. Qe7+ Kf2 58. h7 c3 59. Qf6+ Kg2 60. h8=Q c2 61. Qc8 Qd2 62. Qfc6 1-0

[Event "Genova"]
[Site "?"]
[Date "1989.??.??"]
[Round "?"]
[White "Skembris, M."]
[Black "Popovic, M."]
[Result "1-0"]
[WhiteElo "2455"]
[BlackElo "2255"]
[PlyCount "74"]
[EventDate "1989.??.??"]
[Source "ChessBase"]
[SourceDate "1989.01.01"]

1. d4 Nf6 2. c4 g6 3. Nc3 Bg7 4. e4 d6 5. Be2 O-O 6. f4 c5 7. d5 b5 8. cxb5 Qa5 9. Bd2 a6 10. bxa6 Bxa6 11. Nf3 Qb4 12. e5 dxe5 13. fxe5 Ng4 14. Bxa6 Nxa6 15. Qe2 Qxb2 16. Rb1 Qa3 17. Rb3 Qa5 18. O-O Rfb8 19. h3 Rxb3 20. axb3 Nh6 21. d6 exd6 22. Nd5 Nb4 23. Ne7+ Kh8 24. Bxh6 Bxh6 25. exd6 f6 26. Qe6 Qb6 27. Qxf6+ Bg7 28. Qe6 c4+ 29. Kh1 Rf8 30. bxc4 Nd3 31. g3 Nc5 32. Qd5 Nb7 33. Kg2 Qxd6 34. Qxb7 Rf7 35. Qa8+ Rf8 36. Qe4 Re8 37. Re1 Bf8 1-0

[Event "NED Ch sf A"]
[Site "Eindhoven NED"]
[Date "1988.??.??"]
[Round "4"]
[White "Welling, Gerard"]
[Black "Hoeksema, Hendrik Pieter"]
[Result "1/2-1/2"]
[WhiteElo "2355"]
[BlackElo "2355"]
[PlyCount "66"]
[EventDate "1988.11.??"]
[Source "www.chesslib.no"]
[SourceDate "2004.05.04"]

1. c4 g6 2. Nc3 Bg7 3. d4 d6 4. e4 Nf6 5. f4 O-O 6. Be2 c5 7. d5 b5 8. cxb5 a6 9. bxa6 Qa5 10. Bd2 Bxa6 11. Nf3 Bxe2 12. Qxe2 Qa6 13. Rb1 Nfd7 14. a3 Nb6 15. Nb5 N8d7 16. O-O Rfb8 17. b4 Nc8 18. bxc5 Nxc5 19. Rb4 Nxe4 20. Qxe4 Rxb5 21. f5 Rxb4 22. axb4 Qb7 23. Bg5 Nb6 24. fxg6 hxg6 25. Qxe7 Qxd5 26. Bf4 Nc4 27. h3 Ne5 28. Bxe5 dxe5 29. Qh4 Rc8 30. Kh1 Qc4 31. Qf2 Qxb4 32. Nxe5 Qe7 33. Nf3 Re8 1/2-1/2

[Event "TCh-CZE 2002-3"]
[Site "Czech Rep"]
[Date "2002.12.01"]
[Round "4"]
[White "Holemar, David"]
[Black "Suran, Jan"]
[Result "1-0"]
[WhiteElo "2321"]
[BlackElo "2388"]
[PlyCount "109"]
[EventDate "2003.01.01"]
[Source "Roberto Alvarez"]
[SourceDate "2003.04.28"]

1. d4 Nf6 2. c4 c5 3. d5 d6 4. Nc3 g6 5. e4 Bg7 6. f4 O-O 7. Nf3 e6 8. Be2 Re8 9. e5 dxe5 10. fxe5 Ng4 11. Bg5 Qb6 12. Qd2 Nd7 13. dxe6 Ndxe5 14. Nxe5 Nxe5 15. Nd5 Qxe6 16. Nc7 Qc6 17. Nxe8 Qxe8 18. O-O Bf5 19. Rad1 h5 20. b3 Be4 21. Qd8 Rxd8 22. Rxd8 Qxd8 23. Bxd8 Nc6 24. Bf6 Bxf6 25. Rxf6 Nd4 26. Rf2 Kg7 27. Bf3 Bxf3 28. gxf3 Kf6 29. Kg2 Ke5 30. Rf1 f5 31. Re1+ Kf4 32. h4 g5 33. hxg5 Kxg5 34. Re7 b6 35. Rxa7 Kf4 36. Rh7 Nxf3 37. Rxh5 Ne1+ 38. Kf1 Nd3 39. Rh6 Nc1 40. Rxb6 Nxa2 41. Rb5 Nc1 42. b4 Nd3 43. bxc5 Ne5 44. Rb8 Ke4 45. Rd8 f4 46. Ke2 Kf5 47. Re8 Kf6 48. Kd2 Nxc4+ 49. Kd3 Ne5+ 50. Ke4 Nd7 51. c6 Nc5+ 52. Kxf4 Ne6+ 53. Ke4 Kf7 54. Ke5 Nc7 55. Rc8 1-0

[Event "Buenos Aires BCA"]
[Site "Buenos Aires ARG"]
[Date "1987.??.??"]
[Round "9"]
[White "Schweber, Samuel"]
[Black "Rodriguez, Alberto2"]
[Result "1-0"]
[WhiteElo "2395"]
[BlackElo "2310"]
[PlyCount "63"]
[EventDate "1987.??.??"]
[Source "www.chesslib.no"]
[SourceDate "2004.05.04"]

1. d4 Nf6 2. c4 g6 3. Nc3 Bg7 4. e4 d6 5. f4 O-O 6. Nf3 c5 7. d5 e6 8. Be2 exd5 9. exd5 Na6 10. O-O Nc7 11. a4 Na6 12. Bd3 Nb4 13. Bb1 Re8 14. f5 Ng4 15. fxg6 hxg6 16. Ne4 Bf5 17. Nfg5 Bd4+ 18. Kh1 Ne3 19. Bxe3 Bxe3 20. Nxf7 Kxf7 21. Ra3 Ke7 22. Rxe3 Kd7 23. g4 Bxe4+ 24. Rxe4 Kc7 25. Rf7+ Kb6 26. a5+ Ka6 27. Qa4 Qxa5 28. Qd7 Reb8 29. Re3 Nc2 30. Bxc2 Qa1+ 31. Kg2 Qxb2 32. Ra3+ 1-0

[Event "JUG Ch"]
[Site "Kladovo"]
[Date "1992.??.??"]
[Round "6"]
[White "Djukic, Zeljko"]
[Black "Knezevic, Bojan"]
[Result "1/2-1/2"]
[WhiteElo "2395"]
[BlackElo "2310"]
[PlyCount "22"]
[EventDate "1992.12.??"]
[Source "www.chesslib.no"]
[SourceDate "2004.05.04"]

1. d4 Nf6 2. c4 c5 3. d5 g6 4. Nc3 Bg7 5. e4 d6 6. f4 O-O 7. Nf3 e6 8. Be2 Re8 9. dxe6 Bxe6 10. O-O Nc6 11. Bd3 Bg4 1/2-1/2

[Event "GRE Ch"]
[Site "Athens GRE"]
[Date "1988.??.??"]
[Round "?"]
[White "Skembris, Spyridon"]
[Black "Dedes, Nikolaos"]
[Result "1-0"]
[WhiteElo "2415"]
[BlackElo "2290"]
[PlyCount "85"]
[EventDate "1988.??.??"]
[Source "www.chesslib.no"]
[SourceDate "2004.05.04"]

1. d4 Nf6 2. c4 g6 3. Nc3 Bg7 4. e4 d6 5. Be2 O-O 6. f4 e5 7. fxe5 dxe5 8. d5 c6 9. Nf3 cxd5 10. cxd5 Nbd7 11. O-O b5 12. a3 Nc5 13. Nd2 a5 14. Qe1 Bd7 15. Qf2 Qe7 16. Bxb5 Bxb5 17. Nxb5 Ncxe4 18. Nxe4 Nxe4 19. Qe2 Rab8 20. Be3 Qb7 21. a4 Qxd5 22. Rad1 Qb7 23. Rc1 Rbc8 24. Rc4 Rxc4 25. Qxc4 Nf6 26. Rc1 Rd8 27. Qc3 Nd5 28. Qxa5 Ra8 29. Nd6 Rxa5 30. Nxb7 Ra8 31. Bd2 Rb8 32. a5 e4 33. a6 e3 34. Ba5 Ra8 35. Rd1 Nf4 36. Rd8+ Rxd8 37. Nxd8 Bd4 38. Nc6 Bc5 39. Kf1 e2+ 40. Ke1 Nxg2+ 41. Kxe2 Nf4+ 42. Kf3 Nd3 43. b4 1-0

[Event "Opatija Hotel 8th"]
[Site "Kastav"]
[Date "2002.02.27"]
[Round "9"]
[White "Glavas, Dragan"]
[Black "Ljubicic, Filip"]
[Result "0-1"]
[WhiteElo "2291"]
[BlackElo "2413"]
[PlyCount "118"]
[EventDate "2002.02.22"]
[Source "ChessBase"]
[SourceDate "2002.03.14"]

1. d4 Nf6 2. c4 g6 3. Nc3 Bg7 4. e4 d6 5. f4 O-O 6. Nf3 c5 7. d5 e6 8. Be2 exd5 9. exd5 Bg4 10. O-O Nh5 11. Ng5 Bxe2 12. Nxe2 h6 13. Nf3 f5 14. h3 Nf6 15. Nc3 Nbd7 16. Re1 Re8 17. Rxe8+ Qxe8 18. Nb5 Qe7 19. Nc7 Rc8 20. Ne6 Bh8 21. Nh4 Kh7 22. Qe1 Ne4 23. g4 Qf7 24. Nf3 Nf8 25. Nxf8+ Rxf8 26. g5 h5 27. a4 Re8 28. Ra3 Nc3 29. Qf1 Ne2+ 30. Kf2 Bd4+ 31. Be3 Bxe3+ 32. Rxe3 Rxe3 33. Kxe3 Qe7+ 34. Kd2 Nxf4 35. h4 Qe4 36. b3 b6 37. Ne1 Qd4+ 38. Kc2 Qe4+ 39. Kd2 Qd4+ 40. Kc2 Qe3 41. Qf3 Qd4 42. Qf1 Kg8 43. Qf3 Kf7 44. Qf1 Ke7 45. Qf3 Kd7 46. Qf1 Kc7 47. Qf3 Kb7 48. Qf1 Ka6 49. Qf3 Qe5 50. Kd2 Qd4+ 51. Kc2 Kb7 52. Qf1 a6 53. Qf3 b5 54. axb5 axb5 55. Qc3 Qe4+ 56. Kb2 Qxe1 57. Qg7+ Kb6 58. Qd7 Nd3+ 59. Kc2 Nb4+ 0-1

[Event "Corr"]
[Site "?"]
[Date "2000.09.25"]
[Round "?"]
[White "Johnson Neil (IRL)"]
[Black "De Coninck Georges (BEL)"]
[Result "1/2-1/2"]
[WhiteElo "2314"]
[BlackElo "2390"]
[PlyCount "35"]
[EventDate "2000.??.??"]
[Source "www.chesslib.no"]
[SourceDate "2004.05.04"]

1. d4 Nf6 2. c4 g6 3. Nc3 Bg7 4. e4 O-O 5. f4 d6 6. Nf3 c5 7. d5 e6 8. Be2 Re8 9. O-O exd5 10. exd5 Ng4 11. Bd3 Nh6 12. h3 Bf5 13. g4 Bxd3 14. Qxd3 f5 15. g5 Nf7 16. Bd2 Na6 17. Rae1 Qd7 18. Rxe8+ 1/2-1/2

[Event "Detroit"]
[Site "?"]
[Date "1990.10.27"]
[Round "4"]
[White "Rogers Bradley"]
[Black "Basin Leonid"]
[Result "0-1"]
[WhiteElo "2162"]
[BlackElo "2542"]
[PlyCount "63"]
[EventDate "1990.??.??"]
[Source "www.chesslib.no"]
[SourceDate "2004.05.04"]

1. d4 Nf6 2. c4 c5 3. d5 g6 4. Nc3 Bg7 5. e4 d6 6. Be2 O-O 7. f4 a6 8. Nf3 b5 9. cxb5 axb5 10. Bxb5 Nxe4 11. Nxe4 Qa5+ 12. Bd2 Qxb5 13. Bc3 Nd7 14. Qe2 Qxe2+ 15. Kxe2 Nb6 16. Bxg7 Kxg7 17. Nc3 Bb7 18. Rhd1 Nc4 19. b3 Na3 20. Rd2 Rfb8 21. Kf2 Ba6 22. Re1 Kf8 23. g4 Rb4 24. Kg3 Nb5 25. Na4 Nc7 26. Re3 Ne8 27. Nb2 Nf6 28. a3 Ne4+ 29. Kg2 Nxd2 30. axb4 Nxf3 31. Kxf3 cxb4 32. h4 0-1

[Event "ch-USA w"]
[Site "Stillwater USA"]
[Date "2007.07.16"]
[Round "2"]
[White "Zatonskih, A."]
[Black "Battsetseg, T."]
[Result "1/2-1/2"]
[WhiteElo "2462"]
[BlackElo "2241"]
[PlyCount "111"]
[EventDate "2007.07.16"]
[Source "www.chesslib.no"]
[SourceDate "2004.05.04"]

1. d4 Nf6 2. c4 g6 3. Nc3 Bg7 4. e4 d6 5. f4 O-O 6. Nf3 c5 7. d5 e6 8. dxe6 fxe6 9. Be2 Nc6 10. O-O e5 11. fxe5 dxe5 12. Qe1 Nd4 13. Qh4 Be6 14. Bg5 Nxe2+ 15. Nxe2 Bxc4 16. Rf2 Bxe2 17. Rxe2 Qe8 18. Rc1 b6 19. Nd2 Nh5 20. Nb1 h6 21. Be3 g5 22. Qh3 Nf4 23. Bxf4 exf4 24. e5 Qg6 25. Qb3+ Kh7 26. Nd2 Rae8 27. Nc4 g4 28. Rce1 Re7 29. Rf2 Rf5 30. Ref1 f3 31. gxf3 gxf3+ 32. Kh1 Bxe5 33. Nxe5 Rexe5 34. Rxf3 Rxf3 35. Qxf3 Qe4 36. Qxe4+ Rxe4 37. Rf7+ Kg6 38. Rxa7 Re1+ 39. Kg2 Re2+ 40. Kg3 Rxb2 41. a4 Kf5 42. Rh7 Rb3+ 43. Kf2 Ke4 44. Rxh6 c4 45. Ke2 Rb2+ 46. Kd1 Kd3 47. Kc1 Ra2 48. Rxb6 Rxa4 49. Rg6 Ra2 50. Rg3+ Kd4 51. h3 Rh2 52. Rf3 c3 53. Rf8 Rxh3 54. Rd8+ Kc4 55. Rc8+ Kb3 56. Rb8+ 1/2-1/2

[Event "Buenos Aires op"]
[Site "Buenos Aires"]
[Date "1990.??.??"]
[Round "1"]
[White "Glavina Rossi, Pablo"]
[Black "Malbran, Guillermo"]
[Result "1/2-1/2"]
[WhiteElo "2390"]
[BlackElo "2310"]
[PlyCount "64"]
[EventDate "1990.??.??"]
[Source "www.chesslib.no"]
[SourceDate "2004.05.04"]

1. d4 Nf6 2. c4 c5 3. d5 b5 4. cxb5 a6 5. Nc3 g6 6. e4 d6 7. f4 Bg7 8. bxa6 O-O 9. Nf3 Qa5 10. Bd2 Bxa6 11. Be2 Bxe2 12. Qxe2 Qa6 13. Qxa6 Nxa6 14. e5 Nd7 15. O-O Nb4 16. a3 Nd3 17. exd6 exd6 18. Rab1 Rfb8 19. Ne4 Rb6 20. b4 f5 21. Neg5 Rxa3 22. bxc5 Rxb1 23. Rxb1 N3xc5 24. Ne6 Rd3 25. Nc7 Bf6 26. Bb4 Bd8 27. Bxc5 dxc5 28. Ne6 Bf6 29. Nc7 Bd8 30. Ne6 Bf6 31. Nc7 Bd8 32. Ne6 Bf6 1/2-1/2

[Event "Pardubice Czech op"]
[Site "Pardubice"]
[Date "2002.07.24"]
[Round "6"]
[White "Bleis, Christian"]
[Black "Nataf, Igor Alexandre"]
[Result "0-1"]
[WhiteElo "2139"]
[BlackElo "2560"]
[PlyCount "68"]
[EventDate "2002.07.19"]
[Source "ChessBase"]
[SourceDate "2002.09.11"]

1. d4 Nf6 2. c4 g6 3. Nc3 Bg7 4. e4 d6 5. f4 c5 6. d5 O-O 7. Be2 e6 8. dxe6 Bxe6 9. Nf3 Nc6 10. Ng5 Bc8 11. O-O Re8 12. f5 Nd4 13. Bd3 Bd7 14. fxg6 fxg6 15. Nd5 Re5 16. Bf4 Nxd5 17. Nf7 Nxf4 18. Nxd8 Nxd3 19. Nxb7 Nxb2 20. Qd2 Nxc4 21. Qd3 Be6 22. Rfc1 Nb2 23. Qa6 Rxe4 24. Nxd6 Re5 25. Re1 Rd8 26. Kh1 Ne2 27. Qxa7 Ng3+ 28. hxg3 Rh5+ 29. Kg1 Bd4+ 30. Re3 Bxe3+ 31. Kf1 Rd5 32. Qb6 Rf8+ 33. Ke2 Bg4+ 34. Ke1 Nd3# 0-1

[Event "Cannes"]
[Site "Cannes"]
[Date "1999.??.??"]
[Round "2"]
[White "Libens, Michel"]
[Black "Chatalbashev, Boris"]
[Result "0-1"]
[WhiteElo "2173"]
[BlackElo "2524"]
[PlyCount "86"]
[EventDate "1999.02.??"]
[Source "www.chesslib.no"]
[SourceDate "2004.05.04"]

1. e4 g6 2. d4 Bg7 3. c4 c5 4. d5 d6 5. f4 Nf6 6. Nc3 O-O 7. Be2 e5 8. fxe5 dxe5 9. Nf3 Ne8 10. Be3 b6 11. Qd2 Nd6 12. Bd3 Nd7 13. g4 Kh8 14. O-O-O a6 15. Kb1 Rb8 16. h4 Nf6 17. Nxe5 Nxg4 18. Nc6 Qc7 19. Nxb8 Nxe3 20. Qxe3 Qxb8 21. Rde1 b5 22. e5 bxc4 23. Bc2 Nb5 24. Nxb5 Qxb5 25. h5 Kg8 26. Qc3 Bg4 27. Reg1 f5 28. hxg6 hxg6 29. a4 Qb7 30. Rxg4 fxg4 31. Bxg6 Qxd5 32. Bh7+ Kf7 33. Re1 Ke7 34. Qe3 Rf3 35. Qg5+ Kf8 36. Qxg4 Rf2 37. Qc8+ Ke7 38. Qc7+ Kf8 39. Qb8+ Ke7 40. Bg6 Qc6 41. Rd1 Qxg6+ 42. Ka1 Qe8 43. Qc7+ Ke6 0-1

[Event "First Saturday GM - Maggio 2008"]
[Site "Budapest UNG"]
[Date "2008.05.05"]
[Round "3"]
[White "Taylor, Timothy"]
[Black "Pesotsky, Vitaly"]
[Result "1-0"]
[WhiteElo "2326"]
[BlackElo "2370"]
[PlyCount "125"]
[EventDate "2008.05.03"]
[Source "www.chesslib.no"]
[SourceDate "2004.05.04"]

1. d4 Nf6 2. c4 g6 3. Nc3 Bg7 4. e4 d6 5. Be2 O-O 6. f4 Nfd7 7. Nf3 e5 8. fxe5 dxe5 9. d5 f5 10. Be3 f4 11. Bf2 c5 12. O-O Na6 13. Nb5 Kh8 14. Nd6 Bf6 15. a3 Nb6 16. Nxc8 Nxc8 17. b4 Qc7 18. b5 Nb8 19. d6 Nxd6 20. Qd5 Rd8 21. Rad1 Kg7 22. Ng5 Bxg5 23. Qxe5+ Bf6 24. Qxf4 Ne8 25. Qxc7+ Nxc7 26. e5 Be7 27. Rxd8 Bxd8 28. Rd1 Ne6 29. Rd6 a6 30. Rxe6 axb5 31. Bxc5 Nd7 32. Bd4 Nf8 33. Rd6 Bc7 34. Rd5 Kf7 35. cxb5 Ra4 36. b6 Bb8 37. Rd8 Rxd4 38. Rxd4 Bxe5 39. Re4 Kf6 40. Bg4 Ne6 41. Bxe6 Kxe6 42. Kf2 Kd5 43. Kf3 Bxh2 44. Rh4 Bd6 45. Rxh7 Bxa3 46. Rxb7 Kc6 47. Rg7 Kxb6 48. Rxg6+ Kc7 49. Re6 Kd7 50. Re2 Be7 51. Rxe7+ Kxe7 52. Kg4 Kf6 53. Kh5 Kg7 54. Kg5 Kh7 55. Kf6 Kh8 56. g4 Kg8 57. g5 Kh7 58. Kf7 Kh8 59. Kg6 Kg8 60. Kh6 Kh8 61. g6 Kg8 62. g7 Kf7 63. Kh7 1-0

[Event "SUI Team Ch"]
[Site "Switzerland"]
[Date "1991.??.??"]
[Round "?"]
[White "Danner, Georg"]
[Black "Maier, Christian"]
[Result "1-0"]
[WhiteElo "2360"]
[BlackElo "2335"]
[PlyCount "63"]
[EventDate "1991.??.??"]
[Source "www.chesslib.no"]
[SourceDate "2004.05.04"]

1. d4 Nf6 2. c4 g6 3. Nc3 Bg7 4. e4 d6 5. f4 c5 6. d5 O-O 7. Nf3 e6 8. Be2 exd5 9. exd5 Na6 10. O-O Nc7 11. Bd3 b5 12. cxb5 Bb7 13. Bc4 a6 14. bxa6 Bxa6 15. Nd2 Re8 16. f5 Bxc4 17. Nxc4 Ne4 18. Qf3 Nxc3 19. bxc3 Ra4 20. fxg6 fxg6 21. Qd3 Nb5 22. Bd2 Na3 23. Nxa3 Rxa3 24. Qc4 Qa5 25. Qf4 Qc7 26. Rae1 Be5 27. Qg4 c4 28. Bh6 Qc5+ 29. Kh1 Qxd5 30. Qd7 Raa8 31. Rd1 Qc5 32. Rf7 1-0

[Event "Santiago magistral 3rd"]
[Site "Santiago"]
[Date "1996.??.??"]
[Round "?"]
[White "Pichuaga, Juan Pablo"]
[Black "Tempone, Marcelo"]
[Result "0-1"]
[WhiteElo "2235"]
[BlackElo "2460"]
[PlyCount "90"]
[EventDate "1996.??.??"]
[Source "www.chesslib.no"]
[SourceDate "2004.05.04"]

1. e4 g6 2. d4 Bg7 3. c4 d6 4. Nc3 Nf6 5. f4 O-O 6. Nf3 c5 7. d5 e6 8. Be2 exd5 9. exd5 Nh5 10. O-O Bxc3 11. bxc3 f5 12. Bd3 Ng7 13. Be3 Nd7 14. Bf2 Nf6 15. Bh4 Qa5 16. Qc2 Bd7 17. Nd2 Rae8 18. Rae1 Rxe1 19. Rxe1 Re8 20. Rxe8+ Ngxe8 21. h3 Qd8 22. Qb1 Qe7 23. Qe1 Qxe1+ 24. Bxe1 Nh5 25. g3 a6 26. Kf2 Nhf6 27. Nf1 Nc7 28. Ne3 Kf8 29. Kf3 b5 30. cxb5 axb5 31. c4 bxc4 32. Bxc4 Ncxd5 33. Bxd5 Nxd5 34. Nxd5 Bc6 35. Ke3 Bxd5 36. a4 Bc4 37. g4 Ke7 38. gxf5 gxf5 39. Bh4+ Ke6 40. Bd8 d5 41. Kf3 d4 42. Kg3 Ba6 43. Kh4 c4 44. Kh5 c3 45. Ba5 Kd5 0-1

[Event "Massachusets Open 67th"]
[Site "?"]
[Date "1998.??.??"]
[Round "?"]
[White "Hertan Charles E"]
[Black "Mac Intyre Paul"]
[Result "1/2-1/2"]
[WhiteElo "2405"]
[BlackElo "2285"]
[PlyCount "74"]
[EventDate "1998.??.??"]
[Source "www.chesslib.no"]
[SourceDate "2004.05.04"]

1. c4 Nf6 2. Nc3 g6 3. e4 d6 4. d4 Bg7 5. f4 O-O 6. Be2 e5 7. fxe5 dxe5 8. d5 c6 9. Nf3 cxd5 10. cxd5 Nh5 11. Be3 Bg4 12. O-O Nd7 13. Ne1 Bxe2 14. Qxe2 Rc8 15. Rc1 Nf4 16. Qb5 Bh6 17. Kh1 Nf6 18. g3 Ng4 19. Bd2 Nh3 20. Bxh6 Nxh6 21. Qe2 Qd7 22. Ng2 a6 23. Ne3 b5 24. a3 f6 25. Nc2 Kg7 26. Nb4 Qd6 27. Nc6 Ng5 28. Rc2 Ne6 29. Qe3 Nd8 30. Nb4 Rf7 31. Rfc1 Rfc7 32. Rf1 Ng8 33. Rcf2 Rb7 34. Qd3 Rbc7 35. Rc2 Rc4 36. Rfc1 R4c7 37. Qe3 Ne7 1/2-1/2

[Event "Prague Open"]
[Site "Prague CZE"]
[Date "1989.??.??"]
[Round "8"]
[White "Orsag, Milan"]
[Black "Poldauf, Dirk"]
[Result "1-0"]
[WhiteElo "2300"]
[BlackElo "2390"]
[PlyCount "69"]
[EventDate "1989.??.??"]
[Source "www.chesslib.no"]
[SourceDate "2004.05.04"]

1. d4 Nf6 2. c4 g6 3. Nc3 Bg7 4. e4 d6 5. f4 O-O 6. Nf3 c5 7. d5 e6 8. Be2 exd5 9. exd5 b5 10. cxb5 a6 11. O-O Re8 12. Kh1 Ra7 13. bxa6 Bxa6 14. Bxa6 Nxa6 15. f5 Ne4 16. Nxe4 Rxe4 17. Bg5 f6 18. Bd2 gxf5 19. Bc3 Nc7 20. Nd2 Rh4 21. Rxf5 Nb5 22. Qf3 Nxc3 23. bxc3 Qe8 24. h3 Re7 25. Nf1 Rhe4 26. Kh2 Re2 27. a4 Rb2 28. Ng3 Re3 29. Qg4 Rxc3 30. Ne4 Qe7 31. Nxc3 Qe3 32. Ne4 Rb4 33. Rf4 f5 34. Qxf5 Be5 35. Qf8# 1-0

[Event "Troll Masters"]
[Site "Gausdal NOR"]
[Date "1986.??.??"]
[Round "?"]
[White "Bjerke, Richard"]
[Black "Donaldson, John W"]
[Result "1/2-1/2"]
[WhiteElo "2265"]
[BlackElo "2420"]
[PlyCount "120"]
[EventDate "1986.??.??"]
[Source "www.chesslib.no"]
[SourceDate "2004.05.04"]

1. d4 Nf6 2. c4 c5 3. d5 g6 4. Nc3 d6 5. e4 Bg7 6. Be2 O-O 7. f4 a6 8. Nf3 b5 9. e5 dxe5 10. fxe5 Ng4 11. O-O b4 12. Ne4 Nxe5 13. Kh1 Nbd7 14. Nxe5 Bxe5 15. a3 bxa3 16. Rxa3 Rb8 17. Qd2 f5 18. Ng5 Nf6 19. h4 h5 20. Nh3 Qd6 21. Qh6 Ne4 22. Nf4 Rf6 23. Nh3 Bd7 24. Ng5 Nxg5 25. Qxg5 Rb4 26. Bxh5 Rxc4 27. Be2 Ra4 28. b3 Rxa3 29. Bxa3 Rf7 30. Qe3 Qf6 31. g3 f4 32. Qxc5 Bh3 33. Rf2 Bd4 34. Rxf4 Qxf4 35. gxf4 Bxc5 36. Bxc5 Rxf4 37. Bc4 Kh7 38. Bxe7 Rf2 39. d6 Rd2 40. Bxa6 Be6 41. Bb5 Kg8 42. Be8 Kg7 43. b4 Rc2 44. Bg5 Rb2 45. b5 Kf8 46. Bc6 Rb1+ 47. Kh2 Rd1 48. Be7+ Kf7 49. b6 Rb1 50. b7 Bd7 51. Be4 Rb2+ 52. Kg3 Rb3+ 53. Kf4 Rb4 54. Ke5 Rxe4+ 55. Kxe4 Bc6+ 56. Kf4 Bxb7 57. Kg5 Bc8 58. Bd8 Bh3 59. Bc7 Bd7 60. Bb8 Bc8 1/2-1/2

[Event "Ostende Open"]
[Site "Ostende"]
[Date "1992.??.??"]
[Round "2"]
[White "Naumkin, Igor"]
[Black "Kerkhof, Philippe"]
[Result "1-0"]
[WhiteElo "2460"]
[BlackElo "2220"]
[PlyCount "60"]
[EventDate "1992.09.??"]
[Source "www.chesslib.no"]
[SourceDate "2004.05.04"]

1. d4 Nf6 2. c4 c5 3. d5 b5 4. cxb5 a6 5. bxa6 g6 6. Nc3 Bxa6 7. f4 Bg7 8. Nf3 Qa5 9. Bd2 O-O 10. e4 d6 11. Be2 Bxe2 12. Qxe2 Qa6 13. Rd1 Nbd7 14. Bc1 Qxe2+ 15. Kxe2 Ne8 16. a3 Nc7 17. Kd3 f5 18. Rhe1 fxe4+ 19. Rxe4 Nb6 20. Rxe7 Ncxd5 21. Nxd5 Nxd5 22. Re4 Nf6 23. Re6 d5 24. Kc2 Rfb8 25. Ne5 Ra4 26. b3 Rd4 27. Rxd4 cxd4 28. Bb2 Rc8+ 29. Rc6 Ra8 30. Bxd4 Ng4 1-0

[Event "2nd ch-EUR Women, Warsaw POL"]
[Site "?"]
[Date "2001.??.??"]
[Round "2"]
[White "Ovod, E."]
[Black "Reizniece, D."]
[Result "1/2-1/2"]
[WhiteElo "2380"]
[BlackElo "2300"]
[PlyCount "50"]
[EventDate "2001.??.??"]
[Source "www.chesslib.no"]
[SourceDate "2004.05.04"]

1. d4 Nf6 2. c4 g6 3. Nc3 Bg7 4. e4 d6 5. f4 O-O 6. Nf3 c5 7. d5 b5 8. cxb5 a6 9. bxa6 Qa5 10. Bd2 Bxa6 11. Be2 Bxe2 12. Qxe2 Qa6 13. a3 Nbd7 14. h3 Nb6 15. g4 Qxe2+ 16. Kxe2 Na4 17. Nxa4 Rxa4 18. b3 Ra7 19. Kd3 Rb8 20. b4 c4+ 21. Kxc4 Nxe4 22. Ra2 Rc8+ 23. Kb5 Rb8+ 24. Kc4 Rc8+ 25. Kb5 Rb8+ 1/2-1/2

[Event "Corr"]
[Site "?"]
[Date "2000.??.??"]
[Round "?"]
[White "Braakhuis Wilfried FR"]
[Black "Monacell James P"]
[Result "0-1"]
[WhiteElo "2323"]
[BlackElo "2356"]
[PlyCount "98"]
[EventDate "2000.??.??"]
[Source "www.chesslib.no"]
[SourceDate "2004.05.04"]

1. d4 Nf6 2. c4 g6 3. Nc3 Bg7 4. e4 d6 5. f4 O-O 6. Nf3 c5 7. d5 e6 8. dxe6 fxe6 9. Be2 Nc6 10. O-O b6 11. Kh1 Bb7 12. Be3 Qe7 13. Qd2 Rad8 14. Rad1 Na5 15. Bd3 d5 16. cxd5 exd5 17. exd5 Nxd5 18. Nxd5 Bxd5 19. Bxc5 Qxc5 20. b4 Qc3 21. bxa5 Qxa5 22. Qxa5 bxa5 23. Bb1 Rxf4 24. a3 Kh8 25. Ba2 Rf5 26. Rd3 Bf8 27. a4 Be7 28. Bb1 Rdf8 29. h3 Bc5 30. Rc3 Bd4 31. Bxf5 Bxc3 32. Bc2 Bb4 33. Rd1 Bc4 34. Rd7 Rf7 35. Rxf7 Bxf7 36. Kg1 Bc5+ 37. Kf1 Bc4+ 38. Ke1 Kg7 39. g4 Be6 40. Ke2 Kf6 41. Kd3 h5 42. Nd2 Bb6 43. Ke4 Bd7 44. Kf3 Kg5 45. gxh5 gxh5 46. Kg3 h4+ 47. Kg2 Bc6+ 48. Kh2 Bc7+ 49. Kg1 Kf4 0-1

[Event "HUN-chT1 9697"]
[Site "Hungary"]
[Date "1996.??.??"]
[Round "1"]
[White "Kovacs, Laszlo M"]
[Black "Glatt, Gabor"]
[Result "1/2-1/2"]
[WhiteElo "2360"]
[BlackElo "2315"]
[PlyCount "28"]
[EventDate "1996.??.??"]
[Source "www.chesslib.no"]
[SourceDate "2004.05.04"]

1. d4 Nf6 2. c4 g6 3. Nc3 Bg7 4. e4 d6 5. f4 O-O 6. Nf3 c5 7. d5 e6 8. Be2 exd5 9. exd5 Re8 10. O-O Bf5 11. Bd3 Qd7 12. Qc2 Na6 13. a3 Nc7 14. Bd2 b5 1/2-1/2

[Event "Tch (Men) 2005/2006 CZE"]
[Site "?"]
[Date "2006.03.25"]
[Round "10"]
[White "Holemar David"]
[Black "Gross David"]
[Result "1/2-1/2"]
[WhiteElo "2287"]
[BlackElo "2383"]
[PlyCount "84"]
[EventDate "2006.??.??"]
[Source "www.chesslib.no"]
[SourceDate "2004.05.04"]

1. d4 Nf6 2. c4 g6 3. Nc3 Bg7 4. e4 d6 5. f4 O-O 6. Nf3 c5 7. d5 e6 8. Be2 exd5 9. exd5 Bf5 10. O-O Na6 11. Bd3 Qd7 12. a3 Rfe8 13. Qc2 Nc7 14. Bxf5 gxf5 15. Bd2 b5 16. cxb5 Ncxd5 17. Rae1 Ne7 18. b4 Rac8 19. bxc5 Rxc5 20. Qd3 Ned5 21. a4 Rec8 22. Nxd5 Rxd5 23. Qb3 Qb7 24. Rc1 Rdc5 25. Be3 Rxc1 26. Rxc1 Rxc1+ 27. Bxc1 Nd5 28. Be3 Qe7 29. Qxd5 Qxe3+ 30. Kf1 Qxf4 31. Qa8+ Bf8 32. Qxa7 Qc4+ 33. Ke1 d5 34. Nd4 Bb4+ 35. Kf2 Bc5 36. Qb8+ Kg7 37. Qe5+ Kg8 38. Qb8+ Kg7 39. Qe5+ f6 40. Qc7+ Kg6 41. Qg3+ Kf7 42. Qc7+ Kg6 1/2-1/2

[Event "Heart of Finland op"]
[Site "?"]
[Date "1997.??.??"]
[Round "9"]
[White "Norri, Joose"]
[Black "Kallio, Heikki"]
[Result "0-1"]
[WhiteElo "2430"]
[BlackElo "2240"]
[PlyCount "70"]
[EventDate "1997.??.??"]
[Source "www.chesslib.no"]
[SourceDate "2004.05.04"]

1. d4 Nf6 2. c4 g6 3. Nc3 Bg7 4. e4 d6 5. Be2 O-O 6. f4 Na6 7. Nf3 e5 8. fxe5 dxe5 9. d5 Nc5 10. Bg5 h6 11. Bxf6 Qxf6 12. b4 Na6 13. a3 c5 14. Rb1 Qd6 15. Nb5 Qd8 16. O-O f5 17. Bd3 h5 18. Qd2 f4 19. Qf2 b6 20. Nd2 g5 21. Bc2 g4 22. bxc5 Nxc5 23. Nb3 Nxb3 24. Bxb3 Qg5 25. g3 fxg3 26. Qxg3 h4 27. Qd3 Rf3 28. Qe2 Bd7 29. d6 Raf8 30. Nxa7 Bh6 31. Rfe1 Qf4 32. c5+ Kh8 33. Rb2 g3 34. c6 Bh3 35. Bc4 Rf2 0-1